[Event "Pere Noel"]
[Site "Montreal CAN"]
[Date "2007.12.28"]
[Round "3"]
[White "Arseneault, Marc"]
[Black "Robichaud, Louis"]
[Result "0-1"]
[WhiteElo "1775"]
[BlackElo "2098"]
[PlyCount "114"]
[GameId "2160767910557688"]
[EventDate "2007.12.27"]
[EventType "swiss"]
[EventRounds "5"]
[EventCountry "CAN"]
[SourceTitle "EXT 2022"]
[Source "ChessBase"]
[SourceDate "2021.10.06"]
[SourceVersion "1"]
[SourceVersionDate "2021.10.06"]
[SourceQuality "1"]

1. e4 e5 2. f4 exf4 3. Nf3 d6 4. d4 g5 5. Bc4 h6 6. O-O Bg7 7. c3 Ne7 8. Qb3 O-O 9. h4 g4 10. Nh2 f3 11. gxf3 g3 12. Ng4 Nec6 13. Kg2 Bxg4 14. fxg4 Qxh4 15. Bxf7+ Kh8 16. Rh1 Qf6 17. Rf1 Qe7 18. Qe6 Nd7 19. Qxe7 Nxe7 20. g5 h5 21. Bxh5 Rxf1 22. Kxf1 c5 23. Be3 cxd4 24. cxd4 Nc6 25. Nc3 Nb6 26. Be2 Nxd4 27. Bxd4 Bxd4 28. Kg2 Be5 29. Rf1 Kg7 30. Bg4 Rh8 31. Bh3 Nc4 32. Nd1 Nd2 33. Re1 Rh4 34. Nc3 Kg6 35. Re2 Nc4 36. b3 Na5 37. Nd5 Nc6 38. Nf6 Kxg5 39. Nd7 Bf4 40. Nf8 Nd4 41. Ne6+ Nxe6 42. Bxe6 Kf6 43. Bd5 b6 44. a4 Ke5 45. Kf3 a5 46. Rc2 Kd4 47. Rg2 Be5 48. Rd2+ Kc3 49. Rg2 Rh1 50. Re2 Rf1+ 51. Kg2 Rd1 52. Be6 Kb4 53. Bg8 Rb1 54. Kf3 Rxb3+ 55. Bxb3 Kxb3 56. Ke3 Kxa4 57. Kd3 Kb3 0-1

[Event "Pere Noel"]
[Site "Montreal CAN"]
[Date "2007.12.28"]
[Round "3"]
[White "Fillion, Steve"]
[Black "Benoit-Deschamps, Jean-Marc"]
[Result "1/2-1/2"]
[WhiteElo "2108"]
[BlackElo "2131"]
[PlyCount "141"]
[GameId "2160767910557689"]
[EventDate "2007.12.27"]
[EventType "swiss"]
[EventRounds "5"]
[EventCountry "CAN"]
[SourceTitle "EXT 2022"]
[Source "ChessBase"]
[SourceDate "2021.10.06"]
[SourceVersion "1"]
[SourceVersionDate "2021.10.06"]
[SourceQuality "1"]

1. e4 c5 2. Nc3 Nc6 3. g3 g6 4. Bg2 Bg7 5. d3 e6 6. Be3 d6 7. Qd2 Rb8 8. Nge2 Nd4 9. O-O Ne7 10. Bh6 Nxe2+ 11. Nxe2 Bxb2 12. Rab1 Bf6 13. d4 e5 14. c3 Ng8 15. Be3 Qa5 16. dxc5 dxc5 17. Qd6 Ra8 18. Rfd1 Qa6 19. Qxc5 Qxe2 20. Bf1 Be7 21. Qxe5 f6 22. Qxe7+ Nxe7 23. Bxe2 Nc6 24. Bc4 Ne5 25. Bb5+ Kf7 26. f4 Nc6 27. Bc4+ Kg7 28. Rd6 Rd8 29. Rbd1 Bg4 30. Rxd8 Nxd8 31. Rc1 b6 32. Kf2 Rc8 33. Ba6 Rc7 34. c4 Ne6 35. Rc2 Kf7 36. Rd2 Nc5 37. Bxc5 Rxc5 38. Rd5 Rc7 39. f5 Re7 40. fxg6+ hxg6 41. Ke3 Be6 42. Rd8 Bf5 43. Rd4 Re5 44. Bb5 Be6 45. h4 Ke7 46. Kd3 g5 47. Kc3 gxh4 48. gxh4 Rh5 49. Bc6 Rxh4 50. Rd2 f5 51. exf5 Rxc4+ 52. Kb2 Rxc6 53. fxe6 Rxe6 54. Kb3 Rd6 55. Rh2 Kd8 56. Kb4 a6 57. Rh7 Rd1 58. Rh6 Kc7 59. Rg6 Rd4+ 60. Kb3 Rd6 61. Rg7+ Kc6 62. Rg5 Rd5 63. Rg4 Kc5 64. Rc4+ Kd6 65. Rh4 Kc6 66. Rg4 Rd6 67. Rc4+ Kb7 68. Rh4 b5 69. a4 Kb6 70. axb5 axb5 71. Rg4 1/2-1/2

[Event "Pere Noel"]
[Site "Montreal CAN"]
[Date "2007.12.28"]
[Round "3"]
[White "Larochelle, Martial"]
[Black "Forget, Luc"]
[Result "1-0"]
[WhiteElo "2242"]
[BlackElo "1976"]
[PlyCount "139"]
[GameId "2160767910557690"]
[EventDate "2007.12.27"]
[EventType "swiss"]
[EventRounds "5"]
[EventCountry "CAN"]
[SourceTitle "EXT 2022"]
[Source "ChessBase"]
[SourceDate "2021.10.06"]
[SourceVersion "1"]
[SourceVersionDate "2021.10.06"]
[SourceQuality "1"]

1. Nf3 Nf6 2. c4 b6 3. g3 e6 4. Bg2 Bb7 5. O-O Be7 6. Nc3 O-O 7. Re1 d6 8. e4 e5 9. d4 Nbd7 10. d5 a5 11. Rb1 Nc5 12. b3 Bc8 13. h3 Bd7 14. a3 Ne8 15. Be3 f5 16. exf5 Bxf5 17. Ra1 Rb8 18. Bxc5 bxc5 19. Nd2 Bg5 20. Nde4 Bh6 21. Rb1 Nf6 22. Rb2 Nxe4 23. Nxe4 Bxe4 24. Bxe4 Qf6 25. Qc2 g6 26. h4 Qe7 27. Kg2 Qd7 28. Reb1 Rf6 29. Qc3 Qd8 30. b4 axb4 31. axb4 cxb4 32. Rxb4 Rxb4 33. Rxb4 Rf7 34. Qb2 Qf6 35. Rb3 Rf8 36. Qc2 Qf7 37. Rb1 g5 38. hxg5 Bxg5 39. Rh1 h6 40. Qe2 Kg7 41. Bf3 Qf6 42. Rb1 Qf5 43. Rb7 Bd8 44. Bg4 Qf6 45. Be6 Kh8 46. Qe3 Qg6 47. Ra7 Bg5 48. Qe2 c5 49. Rd7 Rd8 50. Rb7 Rf8 51. g4 Bh4 52. f3 h5 53. Qe4 Qxe4 54. fxe4 hxg4 55. Bxg4 Bd8 56. Rd7 Ba5 57. Rxd6 Bc3 58. Rd7 Bd4 59. Bf5 Rf6 60. Be6 Rg6+ 61. Kh3 Be3 62. Kh4 Rh6+ 63. Kg4 Rf6 64. Bf5 Kg8 65. d6 Rf8 66. Re7 Rd8 67. d7 Kf8 68. Rh7 Bf4 69. Be6 Bc1 70. Rf7+ 1-0

[Event "Pere Noel"]
[Site "Montreal CAN"]
[Date "2007.12.28"]
[Round "3"]
[White "Leveille, Francois"]
[Black "Gilman, Arkadiy"]
[Result "1-0"]
[WhiteElo "2322"]
[BlackElo "2106"]
[PlyCount "127"]
[GameId "2160767910557691"]
[EventDate "2007.12.27"]
[EventType "swiss"]
[EventRounds "5"]
[EventCountry "CAN"]
[SourceTitle "EXT 2022"]
[Source "ChessBase"]
[SourceDate "2021.10.06"]
[SourceVersion "1"]
[SourceVersionDate "2021.10.06"]
[SourceQuality "1"]

1. Nf3 d5 2. g3 Bg4 3. Bg2 Nd7 4. c4 e6 5. b3 Ngf6 6. O-O c6 7. d4 Be7 8. Bb2 O-O 9. Nc3 h6 10. Re1 Bf5 11. Nd2 Rc8 12. e4 Bg4 13. Qb1 b5 14. c5 b4 15. Nd1 Nxe4 16. Nxe4 dxe4 17. Qxe4 Nf6 18. Qc2 Bxd1 19. Raxd1 Nd5 20. Qd2 Bf6 21. Be4 Rb8 22. Bb1 Qa5 23. Qc2 Rfd8 24. Bc1 Nc3 25. Qh7+ Kf8 26. Bf4 Rb7 27. Bd6+ Rxd6 28. cxd6 g6 29. Qxh6+ Bg7 30. Qh4 Nxd1 31. Rxd1 Rd7 32. Qf4 Qd5 33. Bxg6 Qxd6 34. Qf3 Bxd4 35. Kg2 c5 36. Bd3 Qe5 37. Rd2 Qf6 38. Bc4 Qxf3+ 39. Kxf3 Kg7 40. h4 Rd8 41. g4 Rh8 42. Kg3 e5 43. Bd3 f6 44. Bf5 a5 45. Rd3 Ra8 46. Be4 Ra6 47. Rf3 a4 48. g5 fxg5 49. hxg5 axb3 50. axb3 Ra2 51. g6 Ra7 52. Kg4 Bc3 53. Rh3 Kf6 54. Rh8 Bd4 55. Kh5 Bc3 56. Rd8 Kg7 57. Kg5 Bd4 58. Kf5 Bxf2 59. Bd5 c4 60. Rg8+ Kh6 61. Rh8+ Kg7 62. Rh7+ Kf8 63. Rxa7 Bxa7 64. Kf6 1-0

[Event "Pere Noel"]
[Site "Montreal CAN"]
[Date "2007.12.28"]
[Round "3"]
[White "Ye, Ling Feng"]
[Black "Gueorguiev, Valentin"]
[Result "1-0"]
[WhiteElo "2251"]
[BlackElo "1563"]
[PlyCount "69"]
[GameId "2160767910557693"]
[EventDate "2007.12.27"]
[EventType "swiss"]
[EventRounds "5"]
[EventCountry "CAN"]
[SourceTitle "EXT 2022"]
[Source "ChessBase"]
[SourceDate "2021.10.06"]
[SourceVersion "1"]
[SourceVersionDate "2021.10.06"]
[SourceQuality "1"]

1. e4 g6 2. d4 Bg7 3. Nc3 c5 4. Nf3 cxd4 5. Nxd4 Nc6 6. Be3 Nf6 7. Nxc6 bxc6 8. e5 Ng8 9. Bd4 e6 10. Ne4 Ne7 11. Nd6+ Kf8 12. Bd3 Nf5 13. Bxf5 exf5 14. O-O Kg8 15. Re1 Qe7 16. Qd3 h6 17. a4 a5 18. Qc3 Kh7 19. Rad1 Qe6 20. Bb6 Ba6 21. Bxa5 Rhb8 22. Bc7 Rf8 23. b4 Ra7 24. Bb6 Raa8 25. Qc5 Kg8 26. c4 Rfb8 27. Bc7 Rf8 28. b5 cxb5 29. axb5 Bc8 30. b6 Ra4 31. Nxc8 Rxc4 32. Ne7+ Kh7 33. Qd6 Re8 34. b7 Rxc7 35. Qxc7 1-0

[Event "Pere Noel"]
[Site "Montreal CAN"]
[Date "2007.12.29"]
[Round "4"]
[White "Gilman, Arkadiy"]
[Black "Ye, Ling Feng"]
[Result "1/2-1/2"]
[WhiteElo "2106"]
[BlackElo "2251"]
[PlyCount "49"]
[GameId "2160767910557694"]
[EventDate "2007.12.27"]
[EventType "swiss"]
[EventRounds "5"]
[EventCountry "CAN"]
[SourceTitle "EXT 2022"]
[Source "ChessBase"]
[SourceDate "2021.10.06"]
[SourceVersion "1"]
[SourceVersionDate "2021.10.06"]
[SourceQuality "1"]

1. d4 d5 2. c4 e6 3. Nc3 Be7 4. Nf3 Nf6 5. Bg5 O-O 6. e3 Nbd7 7. Rc1 a6 8. Qc2 dxc4 9. Bxc4 b5 10. Bd3 Bb7 11. Ne5 h6 12. Nxd7 Nxd7 13. Bxe7 Qxe7 14. Bh7+ Kh8 15. Be4 c6 16. f4 Rac8 17. Bf3 f5 18. Nd1 Nb6 19. Qc5 Qc7 20. b3 Nd7 21. Qe7 Rfe8 22. Qf7 Rf8 23. Qe7 Rfe8 24. Qf7 Rf8 25. Qe7 1/2-1/2

[Event "Pere Noel"]
[Site "Montreal CAN"]
[Date "2007.12.29"]
[Round "4"]
[White "Hajiyev, Elshad"]
[Black "Fragniere, Thierry"]
[Result "1-0"]
[WhiteElo "2162"]
[BlackElo "2121"]
[PlyCount "105"]
[GameId "2160767910557695"]
[EventDate "2007.12.27"]
[EventType "swiss"]
[EventRounds "5"]
[EventCountry "CAN"]
[SourceTitle "EXT 2022"]
[Source "ChessBase"]
[SourceDate "2021.10.06"]
[SourceVersion "1"]
[SourceVersionDate "2021.10.06"]
[SourceQuality "1"]

1. e4 e6 2. d3 d5 3. Nd2 c5 4. Ngf3 Nc6 5. g3 Nf6 6. Bg2 Bd6 7. O-O O-O 8. Re1 dxe4 9. dxe4 e5 10. Nc4 Bc7 11. Qxd8 Rxd8 12. Bg5 Be6 13. Bxf6 gxf6 14. Ne3 Rd7 15. c4 Kg7 16. a3 Nd4 17. Nxd4 Rxd4 18. b4 cxb4 19. axb4 Kg6 20. Rec1 Bd6 21. c5 Bf8 22. Rcb1 a6 23. f4 Bc4 24. Nd5 h5 25. Kh1 Re8 26. Re1 Bxd5 27. exd5 Rxb4 28. d6 e4 29. Rab1 Rc4 30. Rxb7 Rxc5 31. d7 Rd8 32. Bxe4+ f5 33. Bf3 Bg7 34. Re8 Rc1+ 35. Kg2 Rc2+ 36. Kf1 Bf6 37. Rxd8 Bxd8 38. Rb8 Be7 39. d8=Q Bxd8 40. Rxd8 Rxh2 41. Rg8+ Kh6 42. Rg5 h4 43. Rh5+ Kg7 44. gxh4 Kg6 45. Kg1 Rb2 46. Rg5+ Kf6 47. Rg8 Rb4 48. Kg2 Rxf4 49. h5 Rb4 50. Kg3 f4+ 51. Kg4 Rb1 52. Kxf4 Rb2 53. Kg3 1-0

[Event "Pere Noel"]
[Site "Montreal CAN"]
[Date "2007.12.29"]
[Round "4"]
[White "Leutschaft, Martin"]
[Black "Larochelle, Martial"]
[Result "1/2-1/2"]
[WhiteElo "2037"]
[BlackElo "2081"]
[PlyCount "124"]
[GameId "2160767910557697"]
[EventDate "2007.12.27"]
[EventType "swiss"]
[EventRounds "5"]
[EventCountry "CAN"]
[SourceTitle "EXT 2022"]
[Source "ChessBase"]
[SourceDate "2021.10.06"]
[SourceVersion "1"]
[SourceVersionDate "2021.10.06"]
[SourceQuality "1"]

1. d4 Nf6 2. Nf3 g6 3. c4 Bg7 4. Nc3 d5 5. e3 O-O 6. Qb3 e6 7. Be2 b6 8. cxd5 exd5 9. O-O Bb7 10. Rd1 Nbd7 11. Bd2 Re8 12. Be1 Bf8 13. Rac1 c6 14. Qa4 Ne4 15. Nxe4 dxe4 16. Ne5 Nxe5 17. dxe5 Qc7 18. Bc3 Bg7 19. Qxe4 Bxe5 20. Bxe5 Rxe5 21. Qf4 Qe7 22. Bc4 Re8 23. Qg4 Rf5 24. e4 Rg5 25. Qf4 Rc5 26. f3 a5 27. b3 Bc8 28. a3 Re5 29. a4 Rc5 30. h3 Rf8 31. Rd3 Be6 32. Bxe6 Rxc1+ 33. Qxc1 Qxe6 34. Qc4 Qf6 35. Qd4 Qxd4+ 36. Rxd4 b5 37. Rd7 bxa4 38. bxa4 Re8 39. Rc7 Rb8 40. Ra7 Rb2 41. Rxa5 Ra2 42. Kh2 h5 43. h4 c5 44. Rxc5 Rxa4 45. Kg3 Ra2 46. Rc3 Kg7 47. f4 Re2 48. e5 Re1 49. Kf3 Kg8 50. g3 Kg7 51. Re3 Ra1 52. e6 fxe6 53. Rxe6 Ra3+ 54. Re3 Ra4 55. g4 hxg4+ 56. Kxg4 Kf6 57. Rb3 Ra5 58. Rb6+ Kf7 59. Rb4 Kf6 60. Re4 Ra1 61. Re3 Rg1+ 62. Rg3 Rh1 1/2-1/2

[Event "Pere Noel"]
[Site "Montreal CAN"]
[Date "2007.12.29"]
[Round "4"]
[White "Plante, Michel"]
[Black "Voskanyan, Vahagn"]
[Result "1/2-1/2"]
[WhiteElo "2067"]
[BlackElo "2211"]
[PlyCount "170"]
[GameId "2160767910557698"]
[EventDate "2007.12.27"]
[EventType "swiss"]
[EventRounds "5"]
[EventCountry "CAN"]
[SourceTitle "EXT 2022"]
[Source "ChessBase"]
[SourceDate "2021.10.06"]
[SourceVersion "1"]
[SourceVersionDate "2021.10.06"]
[SourceQuality "1"]

1. d4 d5 2. Nf3 Nf6 3. e3 c5 4. c3 e6 5. Nbd2 Nc6 6. Bd3 Bd6 7. dxc5 Bxc5 8. O-O O-O 9. e4 Qc7 10. Qe2 Ng4 11. h3 Nge5 12. Nxe5 Nxe5 13. exd5 exd5 14. Nf3 Nxf3+ 15. Qxf3 Be6 16. Be3 Rfd8 17. Rfd1 Rac8 18. Rd2 Qb6 19. Bxc5 Rxc5 20. Rad1 Rdc8 21. Bc2 g6 22. Bb3 Rb5 23. Qf6 a5 24. c4 Bf5 25. Qe7 Rbc5 26. cxd5 R5c7 27. d6 Rxe7 28. dxe7 Qb5 29. Rd8+ Kg7 30. Re1 Qb4 31. e8=Q Rxd8 32. Qxf7+ Kh6 33. Re7 Qd2 34. g4 Qc1+ 35. Kg2 Qc6+ 36. Kg3 Rd3+ 37. Re3 Qd6+ 38. Kf3 Bd7 39. Qf4+ Qxf4+ 40. Kxf4 g5+ 41. Kf3 Bc6+ 42. Ke2 Rd8 43. Bc2 a4 44. a3 Rc8 45. Kd2 Rf8 46. Ke1 Kg7 47. Bf5 Rf7 48. Rc3 Re7+ 49. Kd2 Re5 50. Re3 Rb5 51. Kc2 h5 52. Be4 Rc5+ 53. Kd2 h4 54. Bxc6 Rxc6 55. Re7+ Kf6 56. Rxb7 Rd6+ 57. Ke2 Rc6 58. Kd3 Rd6+ 59. Ke3 Rd1 60. f4 gxf4+ 61. Kxf4 Rf1+ 62. Ke4 Rh1 63. Rb6+ Kg5 64. Rb5+ Kg6 65. Kf4 Rf1+ 66. Ke3 Rh1 67. Kf3 Rxh3+ 68. Kf4 Rh2 69. Rb6+ Kg7 70. Kg5 Rh1 71. Rb7+ Kf8 72. Kf6 Ke8 73. g5 h3 74. Rh7 h2 75. Kg7 Rg1 76. Rxh2 Rxg5+ 77. Kf6 Rb5 78. Ke6 Rb6+ 79. Kd5 Kd7 80. Rd2 Rb3 81. Kc4+ Kc6 82. Rg2 Kc7 83. Rg5 Rxb2 84. Ra5 Rh2 85. Rxa4 Rh4+ 1/2-1/2

[Event "Pere Noel"]
[Site "Montreal CAN"]
[Date "2007.12.29"]
[Round "4"]
[White "Robichaud, Louis"]
[Black "Masse, Hugues"]
[Result "1/2-1/2"]
[WhiteElo "2098"]
[BlackElo "2236"]
[PlyCount "169"]
[GameId "2160767910557699"]
[EventDate "2007.12.27"]
[EventType "swiss"]
[EventRounds "5"]
[EventCountry "CAN"]
[SourceTitle "EXT 2022"]
[Source "ChessBase"]
[SourceDate "2021.10.06"]
[SourceVersion "1"]
[SourceVersionDate "2021.10.06"]
[SourceQuality "1"]

1. e4 e5 2. Nf3 Nc6 3. Bb5 a6 4. Ba4 Nf6 5. O-O Be7 6. Re1 b5 7. Bb3 d6 8. c3 O-O 9. h3 Na5 10. Bc2 c5 11. d4 Qc7 12. Nbd2 cxd4 13. cxd4 Rd8 14. b3 Nc6 15. Bb2 exd4 16. Rc1 Qb6 17. Nf1 d5 18. exd5 Rxd5 19. Bd3 Be6 20. a3 Rad8 21. N1d2 Rc5 22. Rxc5 Qxc5 23. Qb1 h6 24. Rc1 Qd5 25. Qc2 Rc8 26. Qd1 Bc5 27. Rc2 Bb6 28. Qc1 Bd7 29. Qd1 Rd8 30. Rc1 Be6 31. b4 Rd6 32. Qf1 Qa2 33. Rb1 Qd5 34. Re1 Qa2 35. Bc1 Bd7 36. Bb1 Qd5 37. Qd3 Re6 38. Ne4 Rxe4 39. Rxe4 Nxe4 40. Qxe4 Qxe4 41. Bxe4 f5 42. Bd5+ Kf8 43. Bb2 d3 44. Bc3 g5 45. Ne1 Nd4 46. Kf1 Nc2 47. Nxd3 Nxa3 48. Bb7 Be6 49. Ne5 Nb1 50. Be1 Bd4 51. Nf3 Bc4+ 52. Kg1 Bf6 53. Bxa6 Ke7 54. Nd2 Nxd2 55. Bxd2 Kd6 56. Bb7 Bd4 57. g3 Be2 58. h4 Bf6 59. hxg5 hxg5 60. Be3 Bd3 61. f3 Bc4 62. Kf2 Kc7 63. Ba8 Be7 64. Bd2 Bf6 65. Be3 Bb3 66. Bc5 Kd7 67. Ke3 Bc4 68. Bb7 Bb3 69. g4 fxg4 70. fxg4 Be6 71. Kf3 Be5 72. Be4 Bd6 73. Bxd6 Kxd6 74. Kg3 Ke5 75. Bc6 Bc4 76. Be8 Ke4 77. Bc6+ Kd4 78. Be8 Kc3 79. Kf3 Kxb4 80. Ke4 Be6 81. Ke5 Bxg4 82. Kf6 Kc3 83. Bxb5 Be2 84. Bxe2 g4 85. Bxg4 1/2-1/2

[Event "Pere Noel"]
[Site "Montreal CAN"]
[Date "2007.12.30"]
[Round "5"]
[White "Arsenault, Nicolas"]
[Black "Leveille, Francois"]
[Result "1-0"]
[WhiteElo "2172"]
[BlackElo "2322"]
[PlyCount "131"]
[GameId "2160767910557700"]
[EventDate "2007.12.27"]
[EventType "swiss"]
[EventRounds "5"]
[EventCountry "CAN"]
[SourceTitle "EXT 2022"]
[Source "ChessBase"]
[SourceDate "2021.10.06"]
[SourceVersion "1"]
[SourceVersionDate "2021.10.06"]
[SourceQuality "1"]

1. e4 e5 2. Nf3 Nc6 3. Nc3 Nf6 4. g3 Bc5 5. Bg2 d6 6. O-O h6 7. d3 Bg4 8. h3 Be6 9. Be3 Qd7 10. Kh2 Bxe3 11. fxe3 Nh7 12. d4 Bc4 13. Rf2 Ng5 14. b3 Ba6 15. h4 Nh7 16. Bh3 Qd8 17. Nd5 b6 18. c4 Bc8 19. Qf1 O-O 20. b4 Be6 21. b5 Na5 22. Rd1 Rc8 23. dxe5 Qe8 24. exd6 cxd6 25. Rd4 Rc5 26. Nd2 Bxd5 27. Rxd5 Nf6 28. Rxf6 Rxd5 29. cxd5 gxf6 30. Qxf6 Qe5 31. Qxh6 Rd8 32. Bf5 Qg7 33. Qf4 Kf8 34. Kh3 Ke7 35. Nf3 Nc4 36. Nd4 Rg8 37. g4 Kd8 38. g5 Kc7 39. Bg4 Kb8 40. Be2 Ne5 41. Nf5 Qf8 42. Nh6 Rg6 43. Bh5 Rg7 44. Bg4 a6 45. bxa6 Ka7 46. Qf5 Kxa6 47. Be2+ Ka7 48. Ng4 Qe7 49. Nxe5 dxe5 50. Qc8 Rg6 51. Bb5 Rd6 52. Qa6+ Kb8 53. Bc6 Rxc6 54. dxc6 Qe6+ 55. Kg3 Qxc6 56. Qd3 Qc1 57. Qd8+ Ka7 58. Qe7+ Ka6 59. Qxe5 Qxe3+ 60. Kg4 Qe2+ 61. Kf5 Qf3+ 62. Qf4 Qh3+ 63. Kf6 Qd7 64. Qf5 Qb7 65. h5 b5 66. h6 1-0

[Event "Pere Noel"]
[Site "Montreal CAN"]
[Date "2007.12.30"]
[Round "5"]
[White "Giroux, Robert"]
[Black "Robichaud, Louis"]
[Result "1/2-1/2"]
[WhiteElo "1817"]
[BlackElo "2098"]
[PlyCount "66"]
[GameId "2160767910557701"]
[EventDate "2007.12.27"]
[EventType "swiss"]
[EventRounds "5"]
[EventCountry "CAN"]
[SourceTitle "EXT 2022"]
[Source "ChessBase"]
[SourceDate "2021.10.06"]
[SourceVersion "1"]
[SourceVersionDate "2021.10.06"]
[SourceQuality "1"]

1. e4 e5 2. Nf3 Nc6 3. d4 exd4 4. Bc4 Bc5 5. c3 d3 6. b4 Bb6 7. a4 a6 8. Qb3 Qe7 9. O-O d6 10. a5 Ba7 11. b5 Ne5 12. Nxe5 dxe5 13. Ba3 Qf6 14. b6 cxb6 15. axb6 Bxb6 16. Bxf7+ Qxf7 17. Qxb6 Ne7 18. Nd2 Nc6 19. Qe3 Be6 20. Qxd3 Rd8 21. Qe2 g5 22. Rfd1 Ne7 23. Bxe7 Kxe7 24. Nf1 Rxd1 25. Rxd1 Rc8 26. Qb2 Kf6 27. Ne3 Rc5 28. Qb6 Rc6 29. Qd8+ Qe7 30. Qh8+ Qg7 31. Qd8+ Qe7 32. Qh8+ Qg7 33. Qd8+ Qe7 1/2-1/2

[Event "Pere Noel"]
[Site "Montreal CAN"]
[Date "2007.12.30"]
[Round "5"]
[White "Masse, Hugues"]
[Black "Plante, Michel"]
[Result "1-0"]
[WhiteElo "2236"]
[BlackElo "2067"]
[PlyCount "59"]
[GameId "2160767910557703"]
[EventDate "2007.12.27"]
[EventType "swiss"]
[EventRounds "5"]
[EventCountry "CAN"]
[SourceTitle "EXT 2022"]
[Source "ChessBase"]
[SourceDate "2021.10.06"]
[SourceVersion "1"]
[SourceVersionDate "2021.10.06"]
[SourceQuality "1"]

1. e4 d6 2. d4 Nf6 3. Nc3 g6 4. f4 Bg7 5. Nf3 c5 6. Bb5+ Bd7 7. e5 Ng4 8. Bxd7+ Qxd7 9. d5 dxe5 10. h3 e4 11. Nxe4 Nf6 12. Nxf6+ Bxf6 13. O-O O-O 14. Be3 Na6 15. Ne5 Qc7 16. Ng4 Bxb2 17. Rb1 Bg7 18. f5 Rad8 19. Nh6+ Bxh6 20. Bxh6 e6 21. fxe6 f5 22. Bxf8 Kxf8 23. c4 b6 24. Re1 Qe7 25. Qe2 Nc7 26. Qe5 Kg8 27. Rbd1 Ne8 28. d6 Rxd6 29. Rxd6 Nxd6 30. Rd1 1-0

[Event "Pere Noel U1500"]
[Site "Montreal CAN"]
[Date "2007.12.27"]
[Round "2"]
[White "Dardoura, Khaled"]
[Black "Lopez Linares, Cesar"]
[Result "0-1"]
[WhiteElo "1379"]
[BlackElo "1437"]
[PlyCount "62"]
[GameId "2160767910565913"]
[EventDate "2007.12.26"]
[EventType "swiss"]
[EventRounds "5"]
[EventCountry "CAN"]

1. d4 e6 2. Nf3 Nf6 3. Bg5 b6 4. Nbd2 Bb7 5. e3 d6 6. Be2 Be7 7. O-O Nbd7 8. c3 O-O 9. Re1 c5 10. Rc1 Qc7 11. Qc2 Rfe8 12. Bd3 Nf8 13. Ne4 c4 14. Bxf6 cxd3 15. Qxd3 Bxe4 16. Qxe4 Bxf6 17. d5 Qb7 18. Red1 e5 19. g4 Qe7 20. Kg2 Ng6 21. Rh1 Nh4+ 22. Kg3 Nxf3 23. Kxf3 Bh4 24. Rcg1 Qf6+ 25. Qf5 e4+ 26. Ke2 Qxf5 27. gxf5 Re5 28. Rg4 Bf6 29. c4 h5 30. Rg2 Rxf5 31. Rhg1 Bxb2 0-1

[Event "Pere Noel U1800"]
[Site "Montreal CAN"]
[Date "2007.12.27"]
[Round "2"]
[White "Baran, Marius"]
[Black "Zire, Mohamed"]
[Result "1-0"]
[WhiteElo "1658"]
[BlackElo "1525"]
[PlyCount "60"]
[GameId "2160767910565914"]
[EventDate "2007.12.26"]
[EventType "swiss"]
[EventRounds "5"]
[EventCountry "CAN"]

1. d4 f5 2. c4 Nf6 3. Nc3 e6 4. Nf3 Be7 5. h3 b6 6. Bf4 a6 7. e3 Bb7 8. Bd3 Bb4 9. O-O Bxc3 10. bxc3 Ne4 11. Bxe4 Bxe4 12. Ng5 Bb7 13. Qh5+ g6 14. Qh6 d6 15. Nxe6 Qe7 16. Ng7+ Kd7 17. d5 a5 18. Rfe1 Na6 19. e4 fxe4 20. Bg5 Qe5 21. Ne6 Rae8 22. Qh4 Kc8 23. Bf6 Qf5 24. Bxh8 Rxh8 25. Rxe4 Re8 26. Rae1 Qf7 27. Ng5 Rxe4 28. Rxe4 Qf6 29. Nxh7 Qxh4 30. Rxh4 Nc5 1-0

[Event "Pere Noel U1800"]
[Site "Montreal CAN"]
[Date "2007.12.27"]
[Round "2"]
[White "Cote, Pierre"]
[Black "Senecal, Jean-Pierre"]
[Result "1-0"]
[WhiteElo "1751"]
[BlackElo "1345"]
[PlyCount "55"]
[GameId "2160767910565915"]
[EventDate "2007.12.26"]
[EventType "swiss"]
[EventRounds "5"]
[EventCountry "CAN"]

1. e4 e5 2. Nc3 Nf6 3. f4 Bb4 4. fxe5 Bxc3 5. exf6 Bxf6 6. Nf3 O-O 7. d4 d6 8. Bd3 Nc6 9. c3 Bg4 10. O-O Qe7 11. Qe1 Bxf3 12. Rxf3 Rae8 13. Qg3 g6 14. Bh6 Bg7 15. Bg5 f6 16. Bd2 Kh8 17. Raf1 Nd8 18. h4 Ne6 19. Qg4 Rg8 20. h5 g5 21. h6 Bxh6 22. Rxf6 Bg7 23. Rf7 Qd8 24. e5 Nf8 25. Qh5 h6 26. Rxf8 Bxf8 27. Rxf8 Kg7 28. Rf7+ 1-0

[Event "Quebec op"]
[Site "Montreal CAN"]
[Date "2007.07.20"]
[Round "1"]
[White "Berry, Jonathan"]
[Black "Abou Nassif, Ahmad"]
[Result "1-0"]
[WhiteElo "2241"]
[BlackElo "1842"]
[PlyCount "67"]
[GameId "2160767910576135"]
[EventDate "2007.07.20"]
[EventType "swiss"]
[EventRounds "9"]
[EventCountry "CAN"]

1. c4 Nf6 2. g3 e6 3. Nf3 b6 4. Bg2 Bb7 5. O-O Be7 6. b3 O-O 7. Bb2 d6 8. d4 Nbd7 9. Nc3 Re8 10. Qc2 c5 11. d5 exd5 12. Ne1 Qc7 13. cxd5 Ba6 14. a4 Rac8 15. Bh3 Qb7 16. Ng2 Bf8 17. Rfd1 Qa8 18. Nb5 Bb7 19. Bxf6 Nxf6 20. Bxc8 Qxc8 21. Nxa7 Qh3 22. Nf4 Qh6 23. h4 Re5 24. Nc6 g5 25. Nxe5 gxf4 26. Nf3 fxg3 27. Qf5 Bg7 28. a5 gxf2+ 29. Kxf2 Nxd5 30. a6 Qe3+ 31. Kf1 Bxa6 32. Rxa6 Nf4 33. Ra8+ Bf8 34. Qg5+ 1-0

[Event "Quebec op"]
[Site "Montreal CAN"]
[Date "2007.07.20"]
[Round "1"]
[White "Chabot, Roland"]
[Black "Aveskulov, Valeriy"]
[Result "0-1"]
[WhiteElo "2251"]
[BlackElo "2539"]
[PlyCount "72"]
[GameId "2160767910576136"]
[EventDate "2007.07.20"]
[EventType "swiss"]
[EventRounds "9"]
[EventCountry "CAN"]
[SourceTitle "CBM 119 Extra"]
[Source "ChessBase"]
[SourceDate "2007.09.04"]
[SourceVersion "1"]
[SourceVersionDate "2007.09.04"]
[SourceQuality "1"]

1. d4 Nf6 2. c4 c5 3. d5 b5 4. Nf3 b4 5. a3 g6 6. axb4 cxb4 7. Be3 a5 8. Bd4 Bg7 9. e4 d6 10. Nbd2 O-O 11. Be2 e5 12. dxe6 Bxe6 13. O-O Nc6 14. Be3 Ng4 15. Bg5 Qb6 16. h3 Nxf2 17. Rxf2 Bxb2 18. Bh6 Rfb8 19. Rb1 Bc3 20. Nf1 a4 21. Be3 Qc7 22. N1d2 a3 23. Nb3 a2 24. Rc1 Ra3 25. Ng5 Rba8 26. Nxe6 fxe6 27. Bg4 Qe7 28. c5 Rd8 29. Rxa2 Rxa2 30. Qf1 d5 31. Qb5 Ne5 32. Rf1 h5 33. Bf3 Rf8 34. Bh6 Nxf3+ 35. Rxf3 Rxf3 36. gxf3 Bg7 0-1

[Event "Quebec op"]
[Site "Montreal CAN"]
[Date "2007.07.20"]
[Round "1"]
[White "De la Paz Perdomo, Frank"]
[Black "Jiang, Louie"]
[Result "0-1"]
[WhiteElo "2452"]
[BlackElo "2072"]
[PlyCount "73"]
[GameId "2160767910576137"]
[EventDate "2007.07.20"]
[EventType "swiss"]
[EventRounds "9"]
[EventCountry "CAN"]
[SourceTitle "CBM 119 Extra"]
[Source "ChessBase"]
[SourceDate "2007.09.04"]
[SourceVersion "1"]
[SourceVersionDate "2007.09.04"]
[SourceQuality "1"]

1. e4 c5 2. Nf3 d6 3. d4 cxd4 4. Nxd4 Nf6 5. Nc3 a6 6. Be3 e5 7. Nb3 Be6 8. Qd2 Nbd7 9. f4 b5 10. O-O-O Rc8 11. Kb1 Be7 12. Bd3 O-O 13. h3 Nb6 14. fxe5 dxe5 15. Qf2 Nfd7 16. Nd5 Nc4 17. Bc1 Bxd5 18. exd5 Nd6 19. g4 a5 20. Be3 a4 21. Nd2 Qa5 22. Ne4 Nxe4 23. Bxe4 a3 24. b3 Nf6 25. Bg2 Qc3 26. Bc1 e4 27. d6 Bd8 28. Bxa3 e3 29. Qe2 Ne4 30. Rhf1 Ng3 31. Qd3 e2 32. Qxc3 Rxc3 33. d7 exf1=Q 34. Bxf1 Nxf1 35. Rxf1 Rc7 36. Rd1 f6 37. Rd5 0-1